Normal view
MARC view
- Meyer, Gunter H.
Entry Personal Name
001 - CONTROL NUMBER
- control field: 8572
003 - CONTROL NUMBER IDENTIFIER
- control field: NUST
005 - DATE AND TIME OF LATEST TRANSACTION
- control field: 20180117152928.0
008 - FIXED-LENGTH DATA ELEMENTS
- fixed length control field: 180117|| aca||aabn | a|a d
040 ## - CATALOGING SOURCE
- Original cataloging agency: NUST
- Transcribing agency: NUST
100 ## - HEADING--PERSONAL NAME
- Personal name: Meyer, Gunter H.
670 ## - SOURCE DATA FOUND
- Source citation: Work cat.: (NUST)28895: Cain, George. 8571, Separation of variables for partial differential equations :, 2005.
